000 00393cam a22001337a 4500
008 180718b1958 xxu||||| |||| 00| 0 eng d
082 _aDx73 K361r
100 _aKennan, George F.
245 _aRussia, the atom and the west
_cby George F. Kennan
260 _aLondon
_bOxford University Press
_c1958
300 _a120p.
440 _aReith Lectures, 1957
650 _aWorld politics --1955-1965
999 _c368942
_d368942